| 000 | 00570nam a22001577a 4500 | ||
|---|---|---|---|
| 003 | OSt | ||
| 005 | 20151102153822.0 | ||
| 008 | 151102b xxu||||| |||| 00| 0 eng d | ||
| 040 | _cRUA | ||
| 082 | _aFOR ចាន់ 1995 B120 Or.1 | ||
| 100 |
_93202 _aចាន់ សុត្ថា |
||
| 245 | _aប្រសិទ្ធភាពសេដ្ឋកិច្ចនៃការនាំចេញឈើអារនៅប្រះរាជាណាចក្រកម្ពុជា | ||
| 260 |
_aPhnom Penh _bRUA _c1995 |
||
| 300 |
_a89p. _bill. _c29cm. |
||
| 942 |
_2ddc _cFOR |
||
| 999 |
_c2989 _d2989 |
||